zpět

Detail výsledku týmu

Bar 12 opic, Prostějov

Datum a čas kvízu

30.5 Celkem bodů Celkový počet nahraných bodů na tomto kvízu bez doplňovacích otázek.
6. Pořadí na kvízu Konečné umístění týmu na tomto kvízu.

Zaznamenané odpovědi

# Otázka Odpověď Body Výsledky
1. Na fotce vidíme část peněz zac... Morava 1
2. Když se jeden manželský pár vr... A) koala 0
3. 70letá herečka Pamela Hayden,... Milhouse (Van Houten) 1
4. Jedna evropská automobilka min... Jaguar 1
5. Minulý týden se v Las Vegas de... Max Verstappen 1
6. Začneme ve Sluneční soustavě.... Uran 0
7. I druhá otázka se bude týkat S... D 1
8. Třetí otázka se bude týkat sou... Štír 1
9. Nyní se podíváme na velmi vzdá... A) Prstencová 0
10. V poslední otázce se podíváme... D) pulsar 1